ბათუმის შოთა რუსთაველის სახელმწიფო უნივერსიტეტის ბიბლიოთეკა

თხზულების სწავლების მეთოდიკა (I-VI კლასები) სწავლებისა და აღზრდის თეორია და მეთოდიკა : დისერტაცია / (ბიბ.ჩანაწერი № 52004)

000 -ლიდერი
ფიქსირებული სიგრძის საკონტროლო ველი 01571nam a2200241Ia 4500
001 - საკონტროლო ნომერი
საკონტროლო ველი 19008
003 - საკონტროლო ნომრის იდენტიფიკატორი
საკონტროლო ველი GE_BSU
005 - ბოლო ოპერაციის თარიღი და დრო
საკონტროლო ველი 20220920123130.0
008 - ფიქსირებული სიგრძის მონაცემთა ელემენტები - ზოგადი ინფორმაცია
ფიქსირებული სიგრძის საკონტროლო ველი 181216s2009||||ge |||||||||||||| ||geo||
040 ## - კატალოგიზაციის წყარო
Transcribing agency GE_BSU
041 ## - ენის კოდი
Language code of text/sound track or separate title geo
080 ## - უნივერსალური ათობითი კლასიფიკაციის ინდექსი
Universal Decimal Classification number 82-95 ზ-777
100 ## - მთავარი ჩანაწერი - პიროვნების სახელი
Personal name ზოიძე, ა.
9 (RLIN) 11705
245 ## - ცნობა სათაურის შესახებ
Title თხზულების სწავლების მეთოდიკა (I-VI კლასები) სწავლებისა და აღზრდის თეორია და მეთოდიკა : დისერტაცია /
Statement of responsibility, etc ა. ზოიძე; სამეცნიერო ხელმძღვანელი ი. ბიბილეიშვილი; ბათუმის შოთა რუსთაველის სახელმწიფო უნივერსიტეტი.
264 ## - წარმოების, გამოცემის, დისტრიბუციის და სხვა ცნობები
გამოცემის, წარმოების, დისტრიბუციის... ადგილი ბათუმი,
გამოცემის, წარმოების, დისტრიბუციის... თარიღი 2009.
300 ## - ფიზიკური აღწერა
Extent 174 გვ.;
Other physical details 30 სმ.
653 ## - INDEX TERM--UNCONTROLLED
Uncontrolled term დისერტაცია
653 ## - INDEX TERM--UNCONTROLLED
Uncontrolled term თხზულების სწავლების მეთოდიკა (I-VI კლასები) სწავლებისა და აღზრდის თეორია და მეთოდიკა.
653 ## - INDEX TERM--UNCONTROLLED
Uncontrolled term ლიტმცოდნეობა
700 ## - ADDED ENTRY--PERSONAL NAME
Personal name ბიბილეიშვილი, ი.
Relator term სამეცნიერო ხელმძღვანელი
9 (RLIN) 3836
710 ## - ADDED ENTRY--CORPORATE NAME
Corporate name or jurisdiction name as entry element ბათუმის შოთა რუსთაველის სახელმწიფო უნივერსიტეტი
9 (RLIN) 11706
942 ## - ADDED ENTRY ELEMENTS (KOHA)
Koha item type წიგნი
Source of classification or shelving scheme
ეგზემპლარები
ჩამოწერის სტატუსი დაკარგული ეგზემპლარის სტატუსი კლასიფიკაციის წყარო ან თაროზე გაწყობის სქემა დაზიანების სტატუსი არ გაიცემა მუდმივი მდებარეობა (დაცვის ადგილი) ამჟამინდელი ადგილსამყოფელი შეძენის თარიღი სრული შენახვის შიფრი შტრიხკოდი ბოლო ოპერაციის თარიღი ეგზემპლარის მიმდევრობითი ნომერი (კეტერი?) ფასის ძალაში შესვლის თარიღი ეგზემპლარის სახეობა
        შიდა ფონდი ბათუმის შოთა რუსთაველის სახელმწიფო უნივერსიტეტის მთავარი ბიბლიოთეკა ბათუმის შოთა რუსთაველის სახელმწიფო უნივერსიტეტის მთავარი ბიბლიოთეკა 2018-12-17 82-95 ზ-777 76 დისერტ. 2018-12-17 76 2018-12-17 დისერტაცია